banner koha

An illustrated guide of ferns and lycophytes from Carambeí, PR, Brazil (Registro n. 331831)

MARC details
000 -LÍDER
fixed length control field 03534nab a2200277 i 4500
003 - CÓDIGO MARC DA AGÊNCIA CATALOGADORA
Campo de controle BR-BrBNA
005 - DATA E HORA DA ÚLTIMA ATUALIZAÇÃO
Campo de controle 20250603112418.0
008 - CAMPO DE TAMANHO FIXO
fixed length control field 250530b2018 bl.qr|pooa||| 00| 0 eng |
040 ## - FONTE DA CATALOGAÇÃO
Agência catalogadora BR-BrBNA
Idioma da catalogação eng
072 ## - CATEGORIA AGRIS
Código AGRIS F70
100 ## - ENTRADA PRINCIPAL - NOME PESSOAL
Nome pessoal Michelon, Cássio
100 ## - ENTRADA PRINCIPAL - NOME PESSOAL
Nome pessoal Mazziero, Frederico Fregolente Faracco
100 ## - ENTRADA PRINCIPAL - NOME PESSOAL
Nome pessoal Canestraro, Bianca Kalinowski
100 ## - ENTRADA PRINCIPAL - NOME PESSOAL
Nome pessoal Engels, Mathias Erich
245 ## - TÍTULO PRINCIPAL
Título principal An illustrated guide of ferns and lycophytes from Carambeí, PR, Brazil
500 ## - NOTA GERAL
Nota geral Publicação on-line; 52 ref.; 2 tables; 2 illus.; Summaries (En, Pt)
942 ## - ADDED ENTRY ELEMENTS (KOHA)
Koha item type Analítica
520 ## - NOTA DE RESUMO
Nota de conteúdo <br/>Abstract<br/><br/>We present a list of species of ferns and lycophytes from Carambeí, a municipality located in Paraná state,<br/>southern Brazil. This area, locally known as “Campos Gerais”, presents an intricate mosaic of forests and<br/>savannah with several canyons and humid valleys that harbors a rich and unique vegetation in Southern<br/>Brazil. In total, we found 129 species (119 ferns and 10 lycophytes), distributed in 18 families and 59 genera,<br/>and 20% (26 spp.) of which are endemic to Brazil. The most expressive families were Polypodiaceae (19<br/>spp.), Pteridaceae (18 spp.) and Thelypteridaceae (15 spp.). The most representative genera were Asplenium<br/>(8 spp. - 6.2%) and Amauropelta (8 spp - 6.2%). Terrestrial herbs, epiphytes and lithophytes are the most<br/>common guild of life forms, successively. The richest environments were woody forest (61% of the species)<br/>and herbaceous-shrubby (12%). Arachniodes denticulata, Phlegmariurus flexibilis and P. heterocarpon<br/>are the second record in the “Campos Gerais” region. We also provide photographic plates with diagnostic<br/>characters for most of the species.<br/><br/>Key words: Campos Gerais, diversity, floristic, pteridophytes, species richness.<br/><br/><br/><br/><br/>Resumo<br/><br/>É apresentada uma listagem de espécies de samambaias e licófitas para o município de Carambeí, localizado<br/>no estado do Paraná, Sul do Brasil. Essa área, localmente conhecida como Campos Gerais, apresenta um<br/>complexo mosaico de florestas e Cerrado com diversos canyons e vales úmidos e comporta uma vegetação<br/>rica e singular no Sul do Brasil. No total, foram registradas 129 espécies (119 samambaias e 10 licófitas),<br/>distribuídas em 18 famílias e 59 gêneros, sendo 20% (26 spp.) endêmicas do Brasil. As famílias mais<br/>expressivas são Polypodiaceae (19 spp.), Pteridaceae (18 spp.) e Thelypteridaceae (15 spp.). Os gêneros mais<br/>representativos foram Asplenium (8 spp. - 6,2%) e Amauropelta (8 spp. - 6,2%). As guildas de formas de<br/>vida mais comuns são ervas terrícolas, epífitas e rupícolas, sucessivamente. Os ambientes mais ricos foram<br/>os florestais (61% das espécies) e os herbáceo-arbustivos (12%). Arachniodes denticulata, Phlegmariurus<br/>flexibilis e P. heterocarpon foram registradas pela segunda vez para a região dos Campos Gerais. São fornecidas<br/>pranchas fotográficas com caracteres diagnósticos para a maioria das espécies.<br/><br/>Palavras-chave: Campos Gerais, diversidade, florística, pteridófitas, riqueza de espécies.
650 ## - ASSUNTO - THESAGRO
Cabeçalho tópico ou nome geográfico BIODIVERSIDADE
650 ## - ASSUNTO - THESAGRO
Cabeçalho tópico ou nome geográfico COMPOSIÇÃO BOTÂNICA
650 ## - ASSUNTO - THESAGRO
Cabeçalho tópico ou nome geográfico PTERIDÓFITA
650 ## - ASSUNTO - THESAGRO
Cabeçalho tópico ou nome geográfico SAMAMBAIA
773 0# - ENTRADA ANALÍTICA
Host Biblionumber 709
Registro do item 350746
Imprenta Rio de Janeiro-RJ Jardim Botanico do Rio de Janeiro 1935
Outro identificador 2025-3371
Título Rodriguésia (Brazil)
ISSN 0370-6583; 2175-7860 on-line
Colação v. 69(2) p. 309-321; (2018)
Número de controle de registro BR2025001325
856 ## - ACESSO E ENDEREÇO ELETRÔNICO
Identificador uniforme de recurso - URI https://www.scielo.br/j/rod/a/PmfSqkqMNrr7YBpr57QtkmR/?format=pdf&lang=en

Nenhum exemplar disponível.

BINAGRI

Telefone: (61)3218-2567/2388/3357/2097 - binagri@agro.gov.br

Ministério da Agricultura e Pecuária , Esplanada dos Ministérios, Bloco D, Anexo B, Brasília/DF, CEP: 70.043-900